R.E.D. marketing : (Record no. 1683)

MARC details
000 -LEADER
fixed length control field 03826cam a2200517 i 4500
001 - CONTROL NUMBER
control field data
005 - DATE AND TIME OF LATEST TRANSACTION
control field 20260322212112.0
008 - FIXED-LENGTH DATA ELEMENTS--GENERAL INFORMATION
fixed length control field data
035 ## - SYSTEM CONTROL NUMBER
System control number 21893408
010 ## - LIBRARY OF CONGRESS CONTROL NUMBER
LC control number 2021932201
015 ## - NATIONAL BIBLIOGRAPHY NUMBER
National bibliography number GBC187009
Source bnb
016 7# - NATIONAL BIBLIOGRAPHIC AGENCY CONTROL NUMBER
Record control number 020208902
Source Uk
020 ## - INTERNATIONAL STANDARD BOOK NUMBER
International Standard Book Number 9781400223299
Qualifying information (hardcover)
020 ## - INTERNATIONAL STANDARD BOOK NUMBER
International Standard Book Number 1400223296
Qualifying information (hardcover)
020 ## - INTERNATIONAL STANDARD BOOK NUMBER
International Standard Book Number 9781400223305
Qualifying information (eBook)
035 ## - SYSTEM CONTROL NUMBER
System control number (OCoLC)1243743738
040 ## - CATALOGING SOURCE
Original cataloging agency YDX
Language of cataloging eng
Transcribing agency YDX
Description conventions rda
Modifying agency DLC
-- UKMGB
-- OCLCO
-- FTX
-- OCLCO
-- OCLCF
-- UAP
-- CLE
-- MUU
-- OCLCO
-- GPRCL
-- DLC
042 ## - AUTHENTICATION CODE
Authentication code lccopycat
050 00 - LIBRARY OF CONGRESS CALL NUMBER
Classification number HF5415.13
Item number .C734 2021
082 04 - DEWEY DECIMAL CLASSIFICATION NUMBER
Classification number 658.8
Edition information 23
100 1# - MAIN ENTRY--PERSONAL NAME
Personal name Creed, Greg,
Relator term author.
245 10 - TITLE STATEMENT
Title R.E.D. marketing :
Remainder of title the three ingredients of leading brands /
Statement of responsibility, etc. Greg Creed & Ken Muench.
246 3# - VARYING FORM OF TITLE
Title proper/short title R.E.D. marketing :
Remainder of title the 3 ingredients of leading brands
246 3# - VARYING FORM OF TITLE
Title proper/short title Relevance, ease, distinctiveness marketing
264 #1 - PRODUCTION, PUBLICATION, DISTRIBUTION, MANUFACTURE, AND COPYRIGHT NOTICE
Place of production, publication, distribution, manufacture [Nashville, TN] :
Name of producer, publisher, distributor, manufacturer HarperCollins Leadership, an imprint of HarperCollins,
Date of production, publication, distribution, manufacture, or copyright notice [2021]
300 ## - PHYSICAL DESCRIPTION
Extent xxi, 264 pages :
Other physical details illustrations (some color) ;
Dimensions 24 cm
336 ## - CONTENT TYPE
Content type term text
Content type code txt
Source rdacontent
337 ## - MEDIA TYPE
Media type term unmediated
Media type code n
Source rdamedia
338 ## - CARRIER TYPE
Carrier type term volume
Carrier type code nc
Source rdacarrier
504 ## - BIBLIOGRAPHY, ETC. NOTE
Bibliography, etc. note Includes bibliographical references (pages 249-255) and index.
505 0# - FORMATTED CONTENTS NOTE
Formatted contents note Introduction -- 1. Why we need R.E.D -- 2. Change your thinking, change your results -- 3. R.E.D. overview -- 4. Relevance mythbusting -- 5. Cultural relevance -- 6. Functional relevance -- 7. Social relevance -- 8. Easy to access -- 9. Easy to notice -- 10. Distinctiveness mythbusting -- 11. How to be distinctive -- 12. Distinctive campaigns -- 13. Distinctivemenss exercises -- 14. Making this work.
520 ## - SUMMARY, ETC.
Summary, etc. "Create breakthrough marketing campaigns that achieve staggering consumer response rates by harnessing the power of R.E.D. Marketing: a transparent and flexible methodology from the CMO and former CEO of marketing powerhouse Yum! Brands (Taco Bell, KFC, Pizza Hut) with a genuine track record of success. Sidestep the other marketing books, courses, articles, and even TED talks that offer hypothetical explanations that sound sensible. Embrace the proven, systematic approach of R.E.D. Marketing, which the recent CEO and current CMO of Yum! Brands applied to lead Taco Bell and KFC to double digit growth! In 2011, Greg Creed had just been elevated from President to CEO of Taco Bell, a brand in deep distress at the time. It was on his shoulders to turn things around quickly along with co-author and CMO, Ken Muench. Together they developed the R.E.D (Relevance, Ease, Distinctiveness) method. Its simple methodology does not require complicated terms and a PhD to understand. It's actually quite simple--marketing works in three very different ways: Relevance--Is it relevant to the marketplace? ; Ease--Is it easy to access and use? ; Distinction--Does it stand out from competition? Combining actual examples from Yum! Brands and other recognizable brands of every size around the world; the latest findings in marketing, neuroscience, and behavioral economics; and the authors' own experience marketing three different brands across 150 countries--your brand can set and achieve a truly breakthrough marketing campaign utilizing R.E.D Marketing." --
Assigning source Dust jacket.
650 #0 - SUBJECT ADDED ENTRY--TOPICAL TERM
Topical term or geographic name entry element Marketing.
650 #0 - SUBJECT ADDED ENTRY--TOPICAL TERM
Topical term or geographic name entry element Marketing
General subdivision Management.
650 #2 - SUBJECT ADDED ENTRY--TOPICAL TERM
Topical term or geographic name entry element Marketing
650 #6 - SUBJECT ADDED ENTRY--TOPICAL TERM
Topical term or geographic name entry element Marketing.
650 #6 - SUBJECT ADDED ENTRY--TOPICAL TERM
Topical term or geographic name entry element Marketing
General subdivision Gestion.
650 #7 - SUBJECT ADDED ENTRY--TOPICAL TERM
Topical term or geographic name entry element marketing.
Source of heading or term aat
650 #7 - SUBJECT ADDED ENTRY--TOPICAL TERM
Topical term or geographic name entry element Marketing.
Source of heading or term fast
Authority record control number or standard number (OCoLC)fst01010167
650 #7 - SUBJECT ADDED ENTRY--TOPICAL TERM
Topical term or geographic name entry element Marketing
General subdivision Management.
Source of heading or term fast
Authority record control number or standard number (OCoLC)fst01010209
700 1# - ADDED ENTRY--PERSONAL NAME
Personal name Muench, Ken,
Relator term author.
906 ## - LOCAL DATA ELEMENT F, LDF (RLIN)
a 7
b cbc
c copycat
d 2
e epcn
f 20
g y-gencatlg
925 0# -
-- acquire
-- 2 shelf copies
-- policy default
Holdings
Withdrawn status Lost status Damaged status Not for loan Home library Current library Shelving location Date acquired Total checkouts Full call number Barcode Date last seen Price effective from Koha item type
        Springfield Springfield General stacks 22/03/2026   658.8 LOC-SPL-00026 22/03/2026 22/03/2026 Books